000 00725nam a2200181Ia 4500
008 100920s9999 xx 000 0 und d
082 _b107176
_a28 व 491 न 07
100 _aप्रभावळकर दिलीप.
245 _aएकंपात्रकिा आणि बालनाटिका.
260 _bभारद्वाज प्रकाशन ,पुणे.
_c2007
300 _a86
_bसाधी
365 _b70
520 _aबा.वि.नाटक.
630 _aएकंपात्रकिा आणि बालनाटिका.
650 _aबा.वि.नाटक.
730 _aएकंपात्रकिा आणि बालनाटिका.
942 _cBOOK
999 _c747600
_d747597